Engineering physics - I : (Record no. 39439)

MARC details
000 -LEADER
fixed length control field 00673nam a22001937a 4500
005 - DATE AND TIME OF LATEST TRANSACTION
control field 20100805135850.0
010 ## - LCCN (DPL NO)
LC control number ENG-98286
020 ## - INTERNATIONAL STANDARD BOOK NUMBER
International Standard Book Number 9789380173405
Terms of availability 180.00
035 ## - SYSTEM CONTROL NUMBER
System control number EN-81819
037 ## - SOURCE OF ACQUISITION
Source of stock number/acquisition DBAD/PUB
082 ## - DEWEY DECIMAL CLASSIFICATION NUMBER
Classification number 530
100 ## - MAIN ENTRY--PERSONAL NAME
Personal name Kavitha, T.
245 ## - TITLE STATEMENT
Title Engineering physics - I :
Remainder of title common to I semester B.E. & B.Tech students /
Statement of responsibility, etc by T. Kavitha
260 ## - PUBLICATION, DISTRIBUTION, ETC. (IMPRINT)
Place of publication, distribution, etc Koradacherry
Name of publisher, distributor, etc Aruma Publications
Date of publication, distribution, etc 2009
270 ## - ADDRESS
Address 35, Gandhi Colony
City Koradacherry
Postal code 613703
300 ## - PHYSICAL DESCRIPTION
Extent 190p.:
Other physical details ill.
Dimensions 25cm (pbk)
942 ## - ADDED ENTRY ELEMENTS (KOHA)
Source of classification or shelving scheme Dewey Decimal Classification
Item type English Books
Classification part 530
Call number suffix KAV
Holdings
Withdrawn status Lost status Not for loan Collection code Home library Current library Date acquired Source of acquisition Cost, normal purchase price Full call number Barcode Copy number Cost, replacement price Koha item type
    Not For Loan Non-fiction D.B.Act.Division D.B.Act.Division 05/08/2010 DBAD/PUB 180.00 530 KAV EN-81819 1 180.00 English Books

© Delhi Public Library
Hit Counter
free hit counter